Statistiques concernant 15 principaux pays touchés par Covid-19 - 2 mar 2021

Cliquez ici pour prendre le quiz!

Statistiques générales

  • Ce quiz a été pris 36 fois
  • Le résultat moyen est 14 sur 27

Statistiques - réponses

pays% Correct
France
100%
Etats-Unis
94%
Allemagne
86%
Espagne
86%
Italie
86%
Russie
86%
Brésil
83%
Inde
83%
Royaume-Uni
80%
Portugal
69%
Suisse
69%
Mexique
66%
Argentine
63%
Belgique
63%
Pologne
60%
Pays-Bas
46%
Suède
46%
Iran
43%
Turquie
43%
Colombie
29%
Israël
14%
Tchéquie
14%
Slovénie
11%
Géorgie
6%
Lituanie
6%
Panama
3%
Bahreïn
0%

Distribution des résultats

Percentile par nombre de réponses

% des personnes avec chaque résultat

Votre développement - résultats

Vous n’avez pas pris ce quiz